[Event "NED-chT 1718"]
[Site "Netherlands"]
[Date "2017.09.23"]
[Round "2.7"]
[White "Bachaus, Sander"]
[Black "Jens, Jelmer"]
[Result "0-1"]
[WhiteElo "2016"]
[BlackElo "2408"]
[PlyCount "148"]
[EventDate "2017.09.16"]
[EventType "team-tourn"]
[EventRounds "9"]
[EventCountry "NED"]
[SourceTitle "EXT 2019"]
[Source "ChessBase"]
[SourceDate "2018.10.10"]
[SourceVersion "1"]
[SourceVersionDate "2018.10.10"]
[SourceQuality "1"]
[WhiteTeam "Voerendaal"]
[BlackTeam "Leiden LSG"]
[WhiteTeamCountry "NED"]
[BlackTeamCountry "NED"]

1. e4 e5 2. Nf3 Nc6 3. Nc3 Nf6 4. Bb5 Bd6 5. d3 a6 6. Bc4 h6 7. g4 b5 8. Bb3 Na5 9. Rg1 Nxb3 10. axb3 Bb7 11. g5 hxg5 12. Bxg5 Qe7 13. Nh4 Qe6 14. Nf5 Bf8 15. Qf3 Rxh2 16. Bh4 g6 17. Qg3 Rxh4 18. Nxh4 Bh6 19. Nxg6 d6 20. Rh1 Ng4 21. Rh4 b4 22. Nd5 Bxd5 23. exd5 Qxg6 24. Qxg4 Bg5 25. Rh8+ Ke7 26. Qh3 Rxh8 27. Qxh8 Bh6 28. Kf1 Qh5 29. Qg8 Qh1+ 30. Qg1 Qxd5 31. Qg2 Qc5 32. f3 Qd4 33. Re1 Qxb2 34. Qg4 Bd2 35. Re2 Qxc2 36. Qg5+ Bxg5 37. Rxc2 c5 38. Ra2 Ke6 39. Rxa6 Kd5 40. Ke2 Bf4 41. Ra2 Kd4 42. Rc2 d5 43. Ra2 f5 44. Ra8 Be3 45. Ra2 Bg5 46. Ra8 Bf4 47. Ra5 Be3 48. Ra2 e4 49. fxe4 fxe4 50. dxe4 Kxe4 51. Ra8 Bf4 52. Rh8 c4 53. bxc4 dxc4 54. Rd8 b3 55. Kd1 c3 56. Rc8 Kd3 57. Rd8+ Kc4 58. Rc8+ Kb4 59. Rc6 Bd2 60. Ra6 Be3 61. Rc6 Bc5 62. Kc1 Kc4 63. Rc8 Kd4 64. Rd8+ Ke3 65. Re8+ Kd3 66. Rd8+ Bd4 67. Rc8 Be3+ 68. Kb1 Kd2 69. Rd8+ Ke2 70. Rc8 Bd4 71. Rc7 Kd2 72. Rxc3 Kxc3 73. Kc1 b2+ 74. Kb1 Be5 0-1

[Event "FRM-ch"]
[Site "Ohrid"]
[Date "2017.08.19"]
[Round "7"]
[White "Zvezdakoski, Matej"]
[Black "Bachaus, Sander"]
[Result "0-1"]
[WhiteElo "1590"]
[BlackElo "2016"]
[PlyCount "42"]
[EventDate "2017.08.13"]
[EventType "swiss"]
[EventRounds "9"]
[EventCountry "MKD"]
[SourceTitle "CBM 180 Extra"]
[Source "ChessBase"]
[SourceDate "2017.10.06"]
[SourceVersion "1"]
[SourceVersionDate "2017.10.06"]
[SourceQuality "1"]

1. e4 c6 2. d4 d5 3. exd5 cxd5 4. Bd3 Nc6 5. c3 g6 6. Nf3 Bg7 7. Bf4 Nf6 8. h3 Bf5 9. 0-0 0-0 10. Bxf5 gxf5 11. h4 e6 12. g3 Ne4 13. Nbd2 f6 14. Kg2 e5 15. Be3 Qc7 16. h5 f4 17. gxf4 exf4 18. Rg1 fxe3 19. Nxe4 dxe4 20. Kf1 exf3 21. h6 e2+ 0-1

[Event "Maastricht Limburg op-A 9th"]
[Site "Maastricht"]
[Date "2015.05.24"]
[Round "5"]
[White "Bachaus, Sander"]
[Black "Harff, Wilfried"]
[Result "1-0"]
[WhiteElo "1996"]
[BlackElo "2163"]
[PlyCount "107"]
[EventDate "2015.05.22"]
[EventType "swiss"]
[EventRounds "7"]
[EventCountry "NED"]
[SourceTitle "CBM 166 Extra"]
[Source "ChessBase"]
[SourceDate "2015.06.18"]
[SourceVersion "1"]
[SourceVersionDate "2015.06.18"]
[SourceQuality "1"]

1. Nf3 c5 2. g3 b6 3. Bg2 Bb7 4. 0-0 d5 5. c4 dxc4 6. Qa4+ Qd7 7. Qxc4 Nc6 8. Nc3 Nf6 9. d3 e6 10. Bf4 Rc8 11. Rfd1 Nd5 12. Nxd5 exd5 13. Qc2 Be7 14. h4 h6 15. Qd2 0-0 16. d4 Rcd8 17. Be3 Qe6 18. Rac1 c4 19. Bf4 b5 20. b3 Bb4 21. Qe3 Qf5 22. Ne5 Rfe8 23. g4 Qe6 24. g5 Nxe5 25. Bxe5 Qg4 26. bxc4 dxc4 27. Qg3 Qxg3 28. Bxg3 Bxg2 29. Kxg2 Rxe2 30. gxh6 c3 31. a3 c2 32. Rd3 Bxa3 33. Rxa3 Rxd4 34. Rc3 Rdd2 35. hxg7 b4 36. Rc8+ Kxg7 37. Bf4 Rxf2+ 38. Kg3 Rde2 39. Be3 Rg2+ 40. Kf4 a5 41. Bd4+ f6 42. Ra8 b3 43. Rxa5 Rg4+ 44. Kxg4 Re4+ 45. Kf5 Rxd4 46. Rg1+ Kf8 47. Ke6 Re4+ 48. Kxf6 Rf4+ 49. Ke6 Re4+ 50. Kf6 Rf4+ 51. Ke6 Re4+ 52. Kf6 b2 53. Ra8+ Re8 54. Ra7 1-0

[Event "Maastricht Limburg op-A 9th"]
[Site "Maastricht"]
[Date "2015.05.24"]
[Round "4"]
[White "Huesmann, Thomas"]
[Black "Bachaus, Sander"]
[Result "1-0"]
[WhiteElo "2224"]
[BlackElo "1996"]
[PlyCount "167"]
[EventDate "2015.05.22"]
[EventType "swiss"]
[EventRounds "7"]
[EventCountry "NED"]
[SourceTitle "CBM 166 Extra"]
[Source "ChessBase"]
[SourceDate "2015.06.18"]
[SourceVersion "1"]
[SourceVersionDate "2015.06.18"]
[SourceQuality "1"]

1. e4 c6 2. d4 d5 3. exd5 cxd5 4. Bd3 Nc6 5. c3 g6 6. Nf3 Nf6 7. 0-0 Bg7 8. h3 Bf5 9. Bxf5 gxf5 10. Re1 0-0 11. Bf4 e6 12. Ne5 Nxe5 13. Bxe5 Ne4 14. Bxg7 Kxg7 15. f3 Ng3 16. Nd2 Qh4 17. Nf1 Nh5 18. Re3 Kh8 19. Qe1 Qg5 20. g4 Rg8 21. Re2 Rg6 22. Kh1 Rag8 23. Rh2 Nf6 24. Qe5 Qh4 25. Ng3 R6g7 26. Rg1 h5 27. Ne2 Kh7 28. Nf4 Nd7 29. Qe3 Nf6 30. Ng2 Qg3 31. Nf4 Qh4 32. Qe5 Nd7 33. Qd6 Nf6 34. Qe7 Qg5 35. Qc7 h4 36. Ng2 Ne8 37. Qe5 Qe7 38. Qe1 Rh8 39. Nxh4 Kg8 40. Nxf5 Qf6 41. Nxg7 Qxf3+ 42. Rgg2 Nxg7 43. Qe2 Rxh3 44. Rxh3 Qxh3+ 45. Kg1 Qh7 46. Rh2 Qb1+ 47. Kg2 Qxa2 48. Rh1 Qb3 49. Ra1 a6 50. Ra3 Qb6 51. Qc2 Ne8 52. Ra1 Qd6 53. Rf1 Qe7 54. Qd2 Nd6 55. Qh6 Ne4 56. Rh1 Qf6 57. Qh7+ Kf8 58. Qh8+ Ke7 59. Qxf6+ Nxf6 60. g5 Ne4 61. Rh8 Nd6 62. Kf3 Nc4 63. Rh7 Kf8 64. g6 fxg6 65. Rxb7 Nd6 66. Rb6 Ke7 67. Rxa6 Nc4 68. Ra7+ Kf6 69. Rb7 g5 70. b3 Nd6 71. Rc7 Kf5 72. c4 dxc4 73. bxc4 g4+ 74. Ke3 g3 75. c5 Nb5 76. Rg7 Nc3 77. c6 g2 78. Rxg2 e5 79. dxe5 Kxe5 80. Kd3 Na4 81. c7 Nb6 82. Rg8 Kd6 83. c8Q Nxc8 84. Rxc8 1-0

[Event "Maastricht Limburg op-A 9th"]
[Site "Maastricht"]
[Date "2015.05.23"]
[Round "3"]
[White "Bachaus, Sander"]
[Black "Coenen, Siegfried"]
[Result "1-0"]
[WhiteElo "1996"]
[BlackElo "2054"]
[PlyCount "51"]
[EventDate "2015.05.22"]
[EventType "swiss"]
[EventRounds "7"]
[EventCountry "NED"]
[SourceTitle "CBM 166 Extra"]
[Source "ChessBase"]
[SourceDate "2015.06.18"]
[SourceVersion "1"]
[SourceVersionDate "2015.06.18"]
[SourceQuality "1"]

1. e4 e5 2. Nf3 Nf6 3. Nc3 Nc6 4. Bb5 Nd4 5. Ba4 Bd6 6. 0-0 0-0 7. Re1 c6 8. d3 Ne6 9. d4 Qa5 10. dxe5 Bb4 11. exf6 Bxc3 12. bxc3 Qxa4 13. fxg7 Kxg7 14. Nh4 d5 15. Qh5 Kh8 16. Bh6 Ng7 17. Bxg7+ Kxg7 18. Qg5+ Kh8 19. Qf6+ Kg8 20. Re3 Re8 21. Rg3+ Kf8 22. Rg7 Re7 23. Rxh7 Ke8 24. Qd6 Kf8 25. Rh8+ Kg7 26. Qh6# 1-0

[Event "Maastricht Limburg op-A 9th"]
[Site "Maastricht"]
[Date "2015.05.22"]
[Round "1"]
[White "Bachaus, Sander"]
[Black "Watzlawek, Markus"]
[Result "0-1"]
[WhiteElo "1996"]
[BlackElo "2107"]
[PlyCount "62"]
[EventDate "2015.05.22"]
[EventType "swiss"]
[EventRounds "7"]
[EventCountry "NED"]
[SourceTitle "CBM 166 Extra"]
[Source "ChessBase"]
[SourceDate "2015.06.18"]
[SourceVersion "1"]
[SourceVersionDate "2015.06.18"]
[SourceQuality "1"]

1. e4 c5 2. Nf3 d6 3. d4 cxd4 4. Nxd4 Nf6 5. Nc3 a6 6. Be2 e6 7. g4 h6 8. h3 Qc7 9. f4 g6 10. Be3 b5 11. a3 Bb7 12. Bf3 Nbd7 13. Nde2 Bg7 14. 0-0 g5 15. Bg2 gxf4 16. Rxf4 Ne5 17. Bd4 Qe7 18. Qf1 Nfd7 19. Qf2 h5 20. g5 Qxg5 21. Rf1 Qe7 22. Bxe5 Nxe5 23. h4 Rg8 24. Ng3 Rh8 25. Qe2 0-0-0 26. Nxh5 Rdg8 27. Bh3 Bh6+ 28. Kh2 Bxf4+ 29. Nxf4 Qxh4 30. Qd2 Qg3+ 31. Kh1 Rxh3+ 0-1

[Event "Maastricht Limburg op-B 7th"]
[Site "Maastricht"]
[Date "2013.05.19"]
[Round "4"]
[White "Bachaus, Sander"]
[Black "Wlogalski, Olivier"]
[Result "1-0"]
[WhiteElo "1886"]
[BlackElo "1905"]
[PlyCount "83"]
[EventDate "2013.05.17"]
[EventType "swiss"]
[EventRounds "7"]
[EventCountry "NED"]
[SourceTitle "EXT 2014"]
[Source "ChessBase"]
[SourceDate "2013.11.20"]
[SourceVersion "1"]
[SourceVersionDate "2013.11.20"]
[SourceQuality "1"]

1. e4 e6 2. Nf3 b6 3. d4 Bb7 4. Bd3 Nf6 5. Qe2 d5 6. e5 Nfd7 7. 0-0 c5 8. c3 Nc6 9. Na3 cxd4 10. cxd4 Nb4 11. Bb1 Ba6 12. Nb5 Bxb5 13. Qxb5 a6 14. Qe2 b5 15. Ng5 g6 16. Qg4 Qe7 17. a4 bxa4 18. Ra3 Bg7 19. Rf3 0-0 20. Rh3 h6 21. Nf3 h5 22. Qg3 Rfc8 23. Bg5 Qf8 24. Qf4 Rc6 25. g4 f6 26. exf6 Nxf6 27. Bxf6 Qxf6 28. Qxf6 Bxf6 29. g5 Bg7 30. Bxg6 e5 31. Nxe5 Bxe5 32. dxe5 Rxg6 33. f4 Rc8 34. Rxh5 d4 35. f5 Rgc6 36. f6 Nd3 37. g6 Rc5 38. Rff5 Nxb2 39. Rh7 R8c7 40. Rxc7 Rxc7 41. f7+ Rxf7 42. gxf7+ 1-0

[Event "Maastricht Limburg op-B 4th"]
[Site "Maastricht"]
[Date "2010.05.23"]
[Round "4"]
[White "Bachaus, Sander"]
[Black "Mollema, Thomas"]
[Result "1/2-1/2"]
[WhiteElo "1777"]
[BlackElo "1888"]
[PlyCount "37"]
[EventDate "2010.05.21"]
[EventType "swiss"]
[EventRounds "7"]
[EventCountry "NED"]
[SourceTitle "EXT 2011"]
[Source "ChessBase"]
[SourceDate "2010.11.26"]
[SourceVersion "1"]
[SourceVersionDate "2010.11.26"]
[SourceQuality "1"]

1. e4 e5 2. Nc3 Nc6 3. Bc4 Nf6 4. d3 Bc5 5. f4 d6 6. f5 h6 7. g4 Na5 8. Qe2 Nxc4 9. dxc4 Bb4 10. Bd2 b6 11. Nh3 Bb7 12. Nf2 Bxc3 13. Bxc3 Nd7 14. h4 Qe7 15. 0-0-0 0-0-0 16. Rdg1 g6 17. Bd2 Rdf8 18. b4 Nb8 19. Nd1 1/2-1/2

[Event "Maastricht Limburg op-B 4th"]
[Site "Maastricht"]
[Date "2010.05.23"]
[Round "5"]
[White "Smit, Melvin"]
[Black "Bachaus, Sander"]
[Result "1/2-1/2"]
[WhiteElo "1883"]
[BlackElo "1777"]
[PlyCount "47"]
[EventDate "2010.05.21"]
[EventType "swiss"]
[EventRounds "7"]
[EventCountry "NED"]
[SourceTitle "EXT 2011"]
[Source "ChessBase"]
[SourceDate "2010.11.26"]
[SourceVersion "1"]
[SourceVersionDate "2010.11.26"]
[SourceQuality "1"]

1. d4 Na6 2. Nf3 c6 3. e3 g6 4. Bd3 Bg7 5. 0-0 d6 6. c4 Qc7 7. Bd2 e5 8. Qc2 f5 9. dxe5 dxe5 10. e4 Nc5 11. Nc3 Nxd3 12. Qxd3 Ne7 13. Rfd1 Be6 14. Rac1 Rd8 15. Qe2 h6 16. Be3 Rxd1+ 17. Rxd1 b6 18. Ne1 0-0 19. f3 Rd8 20. b3 Rxd1 21. Qxd1 Qd7 22. Qe2 f4 23. Bf2 g5 24. Qd3 1/2-1/2